| 000 | 00447nam a2200181Ia 4500 | ||
|---|---|---|---|
| 003 | GCL | ||
| 008 | 140319s9999 xx 000 0 eng d | ||
| 040 |
_aGCL / _cGCL |
||
| 082 | 0 | 4 |
_a822.82 _bR B |
| 100 | 1 | _aL'RON, HUBBARD | |
| 245 | 1 | 0 |
_aBUCKSKIN BRIGADES / _cL'RON, HUBBARD |
| 260 |
_a[S.N] : _bBRIDGE PUBLICATIONS ، _c1987 |
||
| 300 | _a312 P | ||
| 650 | 0 | 4 | _aLITERATURE |
| 650 | 0 | 4 | _aSHORT STORIES |
| 650 | 0 | 4 | _aENGLISH |
| 942 |
_2ddc _cBK |
||
| 999 |
_c24513 _d24513 |
||